[Event "CONPET Cup 2010"]
[Site "Ploiesti ROU"]
[Date "2010.10.31"]
[Round "9.2"]
[White "Miroiu,G"]
[Black "Adoamnei,R"]
[Result "1-0"]
[WhiteElo "2219"]
[BlackElo "1959"]

1.d4 d5 2.Nf3 Nf6 3.c4 c6 4.e3 e6 5.Nc3 Nbd7 6.Bd3 a5 7.O-O Bd6 8.Qe2 dxc4
9.Bxc4 b5 10.Bd3 b4 11.Na4 Nd5 12.e4 Nf4 13.Bxf4 Bxf4 14.e5 Bb7 15.Rad1 g6
16.Rfe1 Qe7 17.Be4 O-O 18.Qc2 Ba6 19.Nc5 Bb5 20.g3 Bh6 21.Kg2 Nb6 22.h4 Nd5
23.h5 f5 24.exf6 Qxf6 25.Nd7 Nf4+ 26.gxf4 Qxf4 27.Nde5 Ra7 28.hxg6 hxg6 29.Qd2 g5
30.Qxf4 Rxf4 31.Bxc6 Ba6 32.Re4 Rg7 33.Ng4 Rg6 34.Nfe5 Rxg4+ 35.Nxg4 Bf8
36.Rde1  1-0

[Event "VII Open"]
[Site "Figueira da Foz POR"]
[Date "2010.11.01"]
[Round "2.2"]
[White "Spraggett,K"]
[Black "Santos,AntonioP"]
[Result "1-0"]
[WhiteElo "2571"]
[BlackElo "2326"]

1.d4 Nf6 2.c4 e6 3.Nc3 d5 4.Nf3 c6 5.e3 Nbd7 6.Qc2 Be7 7.b3 O-O 8.Bd3 b6
9.O-O Bb7 10.Bb2 c5 11.Qe2 Rc8 12.Rac1 Qc7 13.Rfd1 Qb8 14.cxd5 Nxd5 15.Nxd5 Bxd5
16.Bb5 Rfd8 17.e4 Bb7 18.d5 exd5 19.exd5 Bd6 20.Qe4 Nf8 21.a4 Rc7 22.Nh4 Bc8
23.Nf5 Bxf5 24.Qxf5 Re7 25.g3 Be5 26.Ba3 a5 27.Rc4 Ng6 28.Re4 Qd6 29.Bc4 Bc3
30.h4 Rxe4 31.Qxe4 Qe5 32.Qf3 Rd6 33.h5 Nf8 34.Bc1 Rf6 35.Bf4 Bd4 36.Bxe5 Rxf3
37.Bxd4 cxd4 38.Rxd4 Nd7 39.Bb5 Nc5 40.d6 Ne6 41.d7  1-0

[Event "Chigorin Mem Classic Open"]
[Site "St Petersburg RUS"]
[Date "2010.11.01"]
[Round "5"]
[White "Dushin,N"]
[Black "Sivertsen,Aage"]
[Result "1-0"]
[WhiteElo "2064"]
[BlackElo "1837"]

1.d4 d5 2.Nf3 Nf6 3.c4 c6 4.e3 e6 5.Nc3 Bb4 6.Bd2 O-O 7.Bd3 dxc4 8.Bxc4 b5
9.Bd3 Bb7 10.Ne4 Bxd2+ 11.Qxd2 Nxe4 12.Bxe4 Nd7 13.Rc1 Qb6 14.O-O Rac8 15.b4 f5
16.Bc2 Qd8 17.Bb3 Qf6 18.Ne1 Kh8 19.f4 g5 20.fxg5 Qxg5 21.Bxe6 Rcd8 22.Bxd7 Rxd7
23.Rc5 Rg7 24.Rf3 Qg4 25.Rg3 Qe4 26.Rxg7 Kxg7 27.Nd3 Bc8 28.Re5 Qg4 29.Re7+ Kf6
30.Rxh7 Be6 31.d5 cxd5 32.Nf4 Bf7 33.Qd4+ Ke7 34.Qxa7+ Ke8 35.Qb8+ Ke7 36.Qc7+ Ke8
37.Qc8+ Ke7 38.Nxd5+ Kd6 39.Qxf8+ Kxd5 40.Qxf7+  1-0

[Event "Chigorin Mem Classic Open"]
[Site "St Petersburg RUS"]
[Date "2010.11.01"]
[Round "5"]
[White "Zhigalko,S"]
[Black "Vysochin,S"]
[Result "1-0"]
[WhiteElo "2640"]
[BlackElo "2550"]

1.d4 d5 2.c4 c6 3.Nc3 Nf6 4.e3 e6 5.Nf3 a6 6.b3 Bb4 7.Bd2 Bd6 8.Bd3 c5 9.O-O Nc6
10.a3 O-O 11.Qc2 h6 12.Rfd1 Re8 13.dxc5 Bxc5 14.h3 dxc4 15.Bxc4 Qe7 16.b4 Ba7
17.Ne4 e5 18.Bc3 Bf5 19.Nxf6+ Qxf6 20.Qe2 Rac8 21.Bb2 Be4 22.Rd7 Re7 23.Rxe7 Qxe7
24.Rd1 Bg6 25.Bd5 e4 26.Bxc6 Rxc6 27.Ne5 Rd6 28.Rxd6 Qxd6 29.Qg4 Bb8 30.Nxg6 fxg6
31.g3 Qc6 32.h4 Kh7 33.h5 Bc7 34.Bd4 b5 35.Qc8 Qd6 36.Qe8 gxh5 37.Qf7 Qg6
38.Qxc7 Qg4 39.Qe7 Qd1+ 40.Kh2 Qg4 41.Bc3 Kg8 42.Be5 Kh7 43.Bxg7 Qxg7 44.Qxe4+ Kh8
45.Qd4 Qxd4 46.exd4 Kg7 47.Kg2  1-0

[Event "20th World Seniors"]
[Site "Arco ITA"]
[Date "2010.11.03"]
[Round "8"]
[White "Pritchett,C"]
[Black "Kaufman,La"]
[Result "1/2-1/2"]
[WhiteElo "2314"]
[BlackElo "2413"]

1.Nf3 Nf6 2.c4 c6 3.Nc3 d5 4.e3 e6 5.d4 Nbd7 6.Qc2 Bd6 7.Bd2 O-O 8.Rc1 Qe7
9.h3 Re8 10.Be2 dxc4 11.Bxc4 b5 12.Bb3 Bb7 13.O-O Rac8 14.Ne4 Nxe4 15.Qxe4 Nf6
16.Qh4 c5 17.dxc5 Bxc5 18.Bc3 Ne4 19.Qxe7 Bxe7 20.Bd4 a6 21.Rfd1 Rxc1 22.Rxc1 Rc8
23.Rxc8+ Bxc8 24.Kf1 f6 25.Ke2 Kf7 26.Nd2 Nc5 27.Bc2 e5 28.Bxc5 Bxc5 29.Bb3+ Ke7
30.Ne4 Bb4 31.a3 Ba5 32.Bg8 h6 33.b4 Bc7  1/2-1/2

[Event "Chigorin Mem Classic Open"]
[Site "St Petersburg RUS"]
[Date "2010.11.03"]
[Round "7"]
[White "Klimov,S"]
[Black "Grigoryan,K2"]
[Result "0-1"]
[WhiteElo "2506"]
[BlackElo "2290"]

1.d4 d5 2.c4 c6 3.Nf3 Nf6 4.Nc3 e6 5.e3 Nbd7 6.Bd3 dxc4 7.Bxc4 b5 8.Bd3 a6
9.e4 c5 10.d5 c4 11.dxe6 fxe6 12.Bc2 Qc7 13.O-O Bb7 14.Nd4 Nc5 15.Be3 O-O-O
16.Qe2 e5 17.Nf3 Ne6 18.Rfd1 Bc5 19.Nd5 Nxd5 20.exd5 Bxd5 21.a4 Bb7 22.axb5 axb5
23.b3 Nf4 24.Bxf4 exf4 25.Be4 g6 26.Bxb7+ Kxb7 27.Nh4 Rhe8 28.Qc2 Rxd1+ 29.Qxd1 Qd8
30.Qf3+ Kb6 31.bxc4 b4 32.Qxf4 Qd4 33.Qxd4 Bxd4 34.Rb1 Kc5 35.Nf3 Bc3 36.g4 Kxc4  0-1

[Event "20th World Seniors"]
[Site "Arco ITA"]
[Date "2010.11.04"]
[Round "9"]
[White "Timoscenko,G"]
[Black "Filipenko,A"]
[Result "1/2-1/2"]
[WhiteElo "2499"]
[BlackElo "2327"]

1.d4 d5 2.c4 c6 3.Nc3 Nf6 4.Nf3 e6 5.e3 Nbd7 6.Qc2 b6 7.Bd3 Bb7 8.O-O Be7
9.b3 O-O 10.Bb2 h6 11.Rfd1 Qc7 12.Rac1 Rac8 13.Qe2 Rfe8 14.Ne5 dxc4 15.Nxc4 c5
16.e4 cxd4 17.Nb5 Qb8 18.e5 Rxc4 19.Bxc4 Nxe5 20.Rxd4 a6 21.Na3 Bc5 22.Rf4 Nd3
23.Rxf6 Nxb2 24.Rxf7 Kxf7 25.Qxb2 Qd6 26.Nb1 b5 27.Bf1 Kg8 28.Rc2 Bd4 29.Qc1 e5
30.Nc3 Rc8 31.Nd1 Rxc2 32.Qxc2 Qc6 33.Qd2 Qe4 34.h3 Bb6 35.Ne3 Qd4 36.Qc2 Qe4
37.Qd2 Qd4  1/2-1/2

[Event "20th World Seniors"]
[Site "Arco ITA"]
[Date "2010.11.04"]
[Round "9"]
[White "Vaselli,L"]
[Black "Rotelli,P"]
[Result "0-1"]
[WhiteElo "1732"]
[BlackElo "1959"]

1.d4 d5 2.Nf3 Nf6 3.c4 c6 4.e3 e6 5.Nc3 a6 6.Bd3 dxc4 7.Bxc4 b5 8.Bd3 Bb7
9.O-O Be7 10.Qe2 Nbd7 11.Bd2 O-O 12.Rac1 Rc8 13.e4 c5 14.dxc5 Nxc5 15.Bb1 b4
16.Nd1 Ncxe4 17.Rxc8 Qxc8 18.Ne3 Nxd2 19.Nxd2 Rd8 20.Ndc4 Qa8 21.Rd1 g6 22.h3 Rxd1+
23.Qxd1 Qd8 24.Qxd8+ Bxd8 25.Nd6 Bd5 26.b3 a5 27.Nec4 Nd7 28.f3 Kf8 29.Kf2 Ke7
30.Be4 Nb6 31.Nxb6 Bxb6+  0-1

[Event "Chigorin Mem Classic Open"]
[Site "St Petersburg RUS"]
[Date "2010.11.04"]
[Round "8"]
[White "Butuc,M"]
[Black "Bazeev,G"]
[Result "1-0"]
[WhiteElo "2180"]
[BlackElo "2348"]

1.Nf3 d5 2.d4 c6 3.c4 e6 4.e3 Nf6 5.Nc3 Nbd7 6.Qc2 Bd6 7.b3 O-O 8.Be2 Re8
9.O-O Qe7 10.Bb2 b6 11.Rfe1 Bb7 12.Rad1 Rac8 13.Bf1 c5 14.cxd5 exd5 15.g3 Qe6
16.Bg2 h6 17.Qb1 Bb8 18.Rc1 Rcd8 19.Qa1 Ne4 20.Rc2 Ba6 21.Rd1 Ndf6 22.dxc5 bxc5
23.Nxe4 dxe4 24.Rxd8 Rxd8 25.Nd2 Bd3 26.Rxc5 Bd6 27.Rc1 Ng4 28.h3 Nxf2 29.Kxf2 Qf5+
30.Kg1 Bxg3 31.Nf1 Qf2+ 32.Kh1 Bb8 33.Be5 Be2 34.Rc2 Bxe5 35.Qxe5 Qe1 36.Qc3 Qxc3
37.Rxc3 Rd1 38.Kg1 Bd3 39.a4 g5 40.Kf2 f5 41.Ng3 Rd2+ 42.Kg1 Rd1+ 43.Kh2 Rd2
44.Rc8+ Kf7 45.Rc5 f4 46.exf4 e3 47.fxg5 Be4 48.Nxe4  1-0

[Event "Chigorin Mem Classic Open"]
[Site "St Petersburg RUS"]
[Date "2010.11.04"]
[Round "8"]
[White "Malakhatko,V"]
[Black "Grachev,B"]
[Result "1/2-1/2"]
[WhiteElo "2578"]
[BlackElo "2668"]

1.d4 d5 2.c4 c6 3.Nc3 Nf6 4.e3 e6 5.Nf3 Nbd7 6.Bd3 dxc4 7.Bxc4 b5 8.Bd3 Bd6
9.O-O O-O 10.e4 e5 11.Ne2 a6 12.b3 Re8 13.Bb2 Bb7 14.Rc1 Rc8 15.Bb1 Qc7 16.dxe5 Nxe5
17.Nxe5 Bxe5 18.Bxe5 Qxe5 19.f4 Qb2 20.Ng3 Rcd8 21.Qf3 c5 22.Rxc5 Nxe4 23.Nxe4 Bxe4
24.Bxe4 Qd4+ 25.Qf2 Qxe4 26.f5 h6 27.Rcc1 Qd3 28.Rce1 Rxe1 29.Qxe1 Qc2 30.Rf2 Qc5
31.h3 Rd5 32.f6 gxf6 33.Kh1 Qd6 34.Rf1 Kg7 35.Qe4 Qe5 36.Qf3 Rd2 37.a4 b4
38.Qg4+ Qg5 39.Rf3 a5 40.Rf5 Qxg4 41.hxg4 Rd3 42.Rxa5 Rxb3 43.Rb5 Rb1+ 44.Kh2 Kg6
45.a5 Ra1 46.Rxb4 Rxa5  1/2-1/2

[Event "Chigorin Mem Classic Open"]
[Site "St Petersburg RUS"]
[Date "2010.11.05"]
[Round "9"]
[White "Khismatullin,D"]
[Black "Fedoseev,Vl3"]
[Result "1/2-1/2"]
[WhiteElo "2654"]
[BlackElo "2477"]

1.c4 c6 2.d4 d5 3.Nc3 Nf6 4.e3 e6 5.Nf3 Nbd7 6.Qc2 Bd6 7.Bd3 O-O 8.O-O dxc4
9.Bxc4 e5 10.h3 Qe7 11.Bb3 g6 12.e4 exd4 13.Nxd4 Re8 14.Bg5 Be5 15.Nf3 Nc5
16.Rfe1 Nxb3 17.axb3 Qc7 18.Nxe5 Qxe5 19.Qd2 Be6 20.b4 Nd7 21.Qe3 Nb6 22.Bf4 Qg7
23.Qg3 f6 24.e5 Bf5 25.exf6 Qxf6 26.Rxe8+ Rxe8 27.Rxa7 Bc8 28.Bh6 Nc4 29.Ra8 Qd8
30.f3 Qd4+ 31.Kh2 Nb6 32.Ra5 Nc4 33.Rg5 Nd6 34.Nd5 Nf5 35.Rxg6+ Kf7 36.Rf6+ Qxf6
37.Nxf6 Nxg3 38.Nxe8 Nf5  1/2-1/2

[Event "TCh-NOR Attack-serien 2010-11"]
[Site "Oslo NOR"]
[Date "2010.11.06"]
[Round "2"]
[White "Harestad,H"]
[Black "Tjomsland,S"]
[Result "0-1"]
[WhiteElo "2265"]
[BlackElo "2347"]

1.d4 d5 2.c4 c6 3.Nf3 Nf6 4.Nc3 e6 5.e3 Be7 6.Qc2 O-O 7.Be2 a6 8.O-O b5 9.b3 Nbd7
10.Rd1 Bb7 11.Bb2 Qc7 12.Rac1 dxc4 13.bxc4 b4 14.Nb1 c5 15.Nbd2 h6 16.Ne5 Nb6
17.dxc5 Bxc5 18.Nd3 Ne4 19.Nxc5 Nxc5 20.Bf3 Rac8 21.Bd4 Nbd7 22.Bxb7 Qxb7
23.Rb1 a5 24.a3 Rc6 25.axb4 axb4 26.Qb2 Rb8 27.Nb3 Nxb3 28.Qxb3 e5 29.Bb2 Rg6
30.g3 Nc5 31.Qc2 e4 32.Rd5 Nd3 33.f3 Nxb2 34.Rxb2 exf3 35.Qe4 Qa7 36.Rbd2 b3
37.Rb5 Rxb5 38.cxb5 Qa1+ 39.Kf2 Qh1  0-1

[Event "Magistral Barcelona"]
[Site "Barcelona ESP"]
[Date "2010.11.07"]
[Round "4"]
[White "Oms Pallisse,J"]
[Black "Salgado Lopez,I"]
[Result "0-1"]
[WhiteElo "2528"]
[BlackElo "2602"]

1.Nf3 d5 2.d4 Nf6 3.c4 e6 4.Nc3 c6 5.e3 Nbd7 6.Qc2 Bd6 7.Be2 O-O 8.O-O dxc4
9.Bxc4 a6 10.Rd1 b5 11.Bd3 Qc7 12.Bd2 c5 13.dxc5 Nxc5 14.Bxb5 Bb7 15.Be2 Ng4
16.h3 Bh2+ 17.Kf1 Nxf2 18.Kxf2 f5 19.Rac1 Rac8 20.Be1 Be4 21.Nxe4 Nxe4+ 22.Qxe4 fxe4
23.Rxc7 Rxc7 24.Bc3 h5 25.Bxa6 exf3 26.gxf3 h4 27.Bd3 Kf7 28.Be4 g5 29.a4 Rfc8
30.Rd3 Ra7 31.b3 Rb8 32.Bd2 Ke7 33.Bc6 Rc8 34.Bb5 Rc2 35.Ke1 Bd6 36.Bc4 Ra2
37.e4 Bg3+ 38.Kd1 Kf6 39.Rd8 Bf4 40.Bc3+ Ke7 41.Rd3 Rh2 42.Bb4+ Kf7 43.Rd8 Rxh3
44.Rf8+ Kg7 45.Bxe6 Rxf3 46.Rg8+ Kf6 47.Bd5 Rd7 48.Bc5 Rd3+ 49.Ke2 Rd2+ 50.Ke1 h3  0-1

[Event "TCh-HUN 2010-11"]
[Site "Budapest HUN"]
[Date "2010.11.07"]
[Round "2"]
[White "Zentai,P2"]
[Black "Boguszlavszkij,J"]
[Result "1/2-1/2"]
[WhiteElo "2311"]
[BlackElo "2235"]

1.d4 d5 2.c4 e6 3.Nf3 Nf6 4.Nc3 c6 5.e3 Bd6 6.Bd3 Nbd7 7.O-O O-O 8.Qc2 dxc4
9.Bxc4 e5 10.Rd1 Qe7 11.h3 e4 12.Ng5 Nb6 13.Bb3 Bf5 14.f3 Rae8 15.Rf1 Bb8
16.g4 Bg6 17.Ngxe4 Nxe4 18.Nxe4 Kh8 19.Qg2 f5 20.Nc3 Qd6 21.f4 Nd7 22.g5 b5
23.d5 a6 24.dxc6 Nb6 25.Rd1 Qc5 26.Qf3 Rc8 27.Bd2 Be8 28.Rac1 Bxc6 29.Qf2 Nc4
30.Bxc4 Qxc4 31.b3 Qe6 32.Ne2 Qd5 33.Kh2 Rfe8 34.Ng3 Ba7 35.Re1 Qe6 36.Rc3 Rcd8
37.Rec1 Ba8 38.Qe2 Qd5 39.R3c2 Bb8 40.Qf2 Ba7 41.Re1 Bb6 42.Bc1 Ba5 43.Ree2 Bb7
44.Bb2 Qd3 45.Be5 Qd7 46.a3 Qf7 47.b4 Bb6 48.Red2 Rxd2 49.Qxd2 Rd8 50.Qc3 Rd7
51.Rd2 Kg8 52.Rxd7 Qxd7 53.Qc2 g6 54.Qe2 Qd5 55.Bd4 Bc7 56.Ba1 Qb3 57.Qb2 Qxb2+
58.Bxb2 Kf7 59.Ne2 Ke6 60.Nc3 Bb6 61.Bc1 Bc6 62.Kg1 Bd8 63.Kf2 Be7 64.Ke2 Bf8
65.Bb2 Bg2 66.h4 Kd6 67.Kd3 Bf1+ 68.Kd2 Bg2 69.Nd1 Kd5 70.Nf2 Bd6 71.Kc3 Be4
72.Kb3 Bb8 73.Nd1 Kc6 74.Bd4 Bd5+ 75.Kc2 Be4+ 76.Kd2 Bd6 77.Nc3 Bg2 78.Kd3 Bf1+
79.Kc2 Bg2  1/2-1/2

[Event "49th TCh-DEN XtraCon 2010-11"]
[Site "Denmark DEN"]
[Date "2010.11.07"]
[Round "2.4"]
[White "Rasmussen,C"]
[Black "Andersen,L1 DEN"]
[Result "1/2-1/2"]
[WhiteElo "2357"]
[BlackElo "2132"]

1.d4 d5 2.Nf3 c6 3.c4 Nf6 4.Nc3 e6 5.e3 Nbd7 6.b3 Bd6 7.Bd3 O-O 8.O-O e5
9.cxd5 cxd5 10.dxe5 Nxe5 11.Be2 Nxf3+ 12.Bxf3 Bxh2+ 13.Kxh2 Qc7+ 14.Kg1 Qxc3
15.Ba3 Re8 16.Rc1 Qe5 17.Bc5 Ne4 18.Bd4 Qg5 19.Rc7 b6 20.Qe2 Be6 21.Rfc1 Nd6
22.R1c6 Nf5 23.Be5 Nh4 24.Bg3 Nxf3+ 25.Qxf3 h5 26.Bh4 Qg4 27.Qxg4 hxg4 28.Be7 Rec8
29.Kh2 Rxc7 30.Rxc7 a6 31.Rb7 b5 32.Kg3 f6 33.Bc5 Rc8 34.b4 Rc6 35.a3 Bc8
36.Ra7 Be6 37.Kh4 Bc8 38.Kh5 Bf5 39.Kh4 Be6 40.Re7 Bf5 41.Kg3 Be6 42.Ra7 Bc8
43.Kh2 Bf5 44.Kg1 Be4 45.Rd7 a5 46.Kh2 axb4 47.axb4 Ra6 48.Kg3 Ra1 49.f3 gxf3
50.gxf3 Bd3 51.Rxd5 Bc4 52.Rd7 Rf1 53.Rd2 Kf7 54.Kf4 Be6 55.Kg3 Rg1+ 56.Kf2 Ra1
57.Rd6 Bc4 58.Rd7+ Kg8 59.e4 Rf1+ 60.Ke3 Re1+ 61.Kf4 Rf1 62.Rd2 Kf7  1/2-1/2

[Event "TCh-CZE 2010-11"]
[Site "Frydek Mistek CZE"]
[Date "2010.11.07"]
[Round "2.6"]
[White "Cifka,S"]
[Black "Cerveny,M"]
[Result "1-0"]
[WhiteElo "2410"]
[BlackElo "2317"]

1.d4 d5 2.c4 c6 3.e3 Nf6 4.Nc3 e6 5.Nf3 Nbd7 6.Qc2 Bd6 7.Bd3 O-O 8.O-O dxc4
9.Bxc4 Qe7 10.h3 h6 11.Bd2 Re8 12.Rfe1 a6 13.Bf1 e5 14.e4 exd4 15.Nxd4 Qe5
16.Nf3 Qh5 17.Rad1 Ne5 18.Nxe5 Bxe5 19.Bc1 Qg6 20.f4 Bc7 21.Qd3 b5 22.e5 Bb6+
23.Kh2 Bf5 24.Qf3 Ng4+ 25.hxg4 Bxg4 26.Qe4 Qh5+ 27.Kg3 f5 28.Qxc6 Bd8 29.Rxd8 Raxd8
30.Be3 g5 31.Kf2 Qh2 32.Nd5 Rxd5 33.Qxd5+ Kh8 34.e6 Qh5 35.Bd4+ Kg8 36.e7+ Kh7
37.Qe5  1-0

[Event "Frauenbundesliga 1st Div 2010-11"]
[Site "Germany GER"]
[Date "2010.11.07"]
[Round "2.3"]
[White "Schmidt,Jessica"]
[Black "Zakurdjaeva,I"]
[Result "1/2-1/2"]
[WhiteElo "2245"]
[BlackElo "2290"]

1.d4 d5 2.c4 c6 3.Nf3 Nf6 4.Nc3 e6 5.e3 Nbd7 6.Qc2 Bd6 7.b3 O-O 8.Bd3 Qe7
9.O-O Re8 10.e4 e5 11.cxd5 cxd5 12.Bg5 exd4 13.Nxd5 Qf8 14.Nxf6+ Nxf6 15.e5 Bxe5
16.Nxe5 Rxe5 17.Bxf6 gxf6 18.Bxh7+ Kh8 19.f4 Re3 20.Bf5 Be6 21.Bxe6 fxe6
22.Rad1 Rc8 23.Qg6 Rd8 24.Rf3 Rxf3 25.Qh5+ Kg8 26.Qxf3 Qc5 27.Qd3 Kg7 28.h3 Rd5
29.Kh1 Qd6 30.Rf1 Rf5 31.Qg3+ Kf7 32.Qh4 d3 33.Qh7+ Ke8 34.Rc1 Rc5 35.Rxc5 Qxc5
36.Qxd3 Qc1+ 37.Kh2 Qxf4+ 38.Kh1 Qc1+ 39.Kh2 Qf4+ 40.Kh1 Qe5 41.Qg6+ Kd7
42.Qf7+ Kc6 43.Qe8+ Kc7 44.Qe7+ Kc6 45.Qe8+ Kc7 46.Qe7+ Kc6  1/2-1/2

[Event "SPICE Cup GMA"]
[Site "Lubbock USA"]
[Date "2010.11.07"]
[Round "10"]
[White "Onischuk,Al"]
[Black "Robson,R"]
[Result "1-0"]
[WhiteElo "2688"]
[BlackElo "2539"]

1.d4 d5 2.c4 e6 3.Nf3 Nf6 4.Nc3 c6 5.e3 Nbd7 6.Qc2 Bd6 7.g4 h6 8.Rg1 e5 9.cxd5 cxd5
10.Nb5 Bb8 11.g5 hxg5 12.Nxg5 O-O 13.Bd2 a6 14.Nc3 Nb6 15.O-O-O Qe7 16.Kb1 Bd7
17.dxe5 Bxe5 18.f4 Bd6 19.e4 dxe4 20.Ncxe4 Bf5 21.Bd3 Rfc8 22.Bc3 Rxc3 23.Nxc3 Bxd3
24.Qxd3 Bxf4 25.Nf3 Qd7 26.Qxd7 Nbxd7 27.Nd5 Nxd5 28.Rxd5 Nf6 29.Rf5 Be3
30.Re1 Re8 31.Re5 Rxe5 32.Nxe5 Bf4 33.Nf3 Kf8 34.h3 g5 35.Nd4 Nd5 36.Nf5 f6
37.Rd1 Ne7 38.Rd8+ Kf7 39.Rd7 Ke6 40.Rxe7+ Kxf5 41.Rxb7 Ke4 42.Kc2 Kf3 43.Kd1 Kg2
44.Ke2 Be5 45.b4 Kxh3 46.a4 g4 47.a5 f5 48.b5 f4 49.bxa6 f3+ 50.Ke3 Bd6 51.a7 Bc5+
52.Kd2 f2 53.Rh7+ Kg3 54.Ke2  1-0

[Event "Russia Cup Final KO"]
[Site "Belgorod RUS"]
[Date "2010.11.08"]
[Round "1.3"]
[White "Shinkevich,V"]
[Black "Sjugirov,S"]
[Result "0-1"]
[WhiteElo "2520"]
[BlackElo "2626"]

1.d4 d5 2.c4 e6 3.Nf3 Nf6 4.Nc3 c6 5.e3 Nbd7 6.Qc2 a6 7.b3 Bd6 8.Bd3 e5 9.cxd5 cxd5
10.dxe5 Nxe5 11.Bb2 Bg4 12.Nxe5 Bxe5 13.h3 Be6 14.Ne2 Rc8 15.Qd2 Qd6 16.Bxe5 Qxe5
17.O-O O-O 18.Qb4 Rc7 19.Qd4 Nd7 20.Rac1 Rfc8 21.Rxc7 Rxc7 22.Rd1 h6 23.Bb1 Qxd4
24.Nxd4 Ne5 25.f4 Nc6 26.Nxe6 fxe6 27.e4 Ne7 28.f5 Kf7 29.Kf2 Kf6 30.fxe6 Kxe6
31.Ke3 Ke5 32.exd5 Nxd5+ 33.Kd2 Nc3 34.Re1+ Kd4 35.Bd3 Rf7 36.Rf1 Rxf1 37.Bxf1 Nxa2
38.Be2 Nc3 39.Bf3 b6 40.Bb7 a5 41.Bc6 Ne4+ 42.Kc2 Nc3 43.Be8 b5 44.Bf7 b4
45.Kd2 Ne4+ 46.Kc2 Ke3 47.Bd5 Nd6 48.Bc6 Nf5  0-1

[Event "Russia Cup Final KO"]
[Site "Belgorod RUS"]
[Date "2010.11.08"]
[Round "1.2"]
[White "Shinkevich,V"]
[Black "Sjugirov,S"]
[Result "1/2-1/2"]
[WhiteElo "2520"]
[BlackElo "2626"]

1.d4 Nf6 2.Nf3 d5 3.c4 e6 4.Nc3 c6 5.e3 Nbd7 6.Qc2 Bd6 7.Bd3 dxc4 8.Bxc4 O-O
9.O-O a6 10.Rd1 b5 11.Be2 Qc7 12.Ne4 Nxe4 13.Qxe4 e5 14.Qd3 exd4 15.Qxd4 Be7
16.Qe4 Nf6 17.Qe5 Ra7 18.b3 Bg4 19.Bb2 Qxe5 20.Bxe5 c5 21.a4 Rb7 22.axb5 axb5
23.Ra5 Be6 24.Rb1 Bd7 25.Rba1 Bc6 26.Ra7 Rxa7 27.Rxa7 Nd7 28.Rc7 Bxf3 29.gxf3 Nxe5
30.Rxe7 Ng6 31.Rc7 c4 32.bxc4 bxc4 33.Bxc4 Ne5 34.Bd5 g5 35.Re7 Ng6 36.Rb7 Ne5
37.Kg2 Rd8 38.Bb3 Rd7 39.Rb5 Re7 40.Kg3 h5 41.f4 h4+ 42.Kh3 gxf4 43.exf4 Nd3
44.Kxh4 Nxf2 45.Rg5+ Kf8 46.Bc2 Re2 47.Bf5 Nd1 48.h3 Ne3 49.Bg4 Rg2 50.Re5 Nxg4
51.hxg4 Kg7 52.Rb5 Rh2+ 53.Kg5 Ra2 54.f5 Ra6 55.Rc5 Rb6 56.Rd5 Ra6 57.Rd3 Rb6
58.Ra3 Rc6 59.Rd3 Rb6 60.Re3 Ra6 61.Re4 Rb6 62.Kf4 Rb1 63.g5 Rf1+ 64.Ke5 Rg1
65.Kf4 Rf1+ 66.Kg4 Rg1+ 67.Kh5 Rh1+ 68.Rh4 Rg1 69.f6+ Kh7 70.Rh3 Kg8  1/2-1/2

[Event "Magistral Barcelona"]
[Site "Barcelona ESP"]
[Date "2010.11.09"]
[Round "6"]
[White "Oms Pallisse,J"]
[Black "Cuartas,Ja"]
[Result "1-0"]
[WhiteElo "2528"]
[BlackElo "2534"]

1.c4 c6 2.Nf3 d5 3.d4 Nf6 4.Nc3 e6 5.e3 Nbd7 6.Qc2 Bd6 7.Bd3 O-O 8.O-O e5
9.cxd5 cxd5 10.e4 exd4 11.Nxd5 Nxd5 12.exd5 h6 13.Nxd4 Ne5 14.Nf5 Nxd3 15.Qxd3 Be5
16.Rd1 Qf6 17.Ng3 Rd8 18.f4 Bxf4 19.Bxf4 Qxf4 20.Qc3 Qg5 21.Ne4 Qg6 22.Qd4 Bf5
23.Nc3 Qb6 24.Qxb6 axb6 25.Rd4 Rd6 26.Re1 Bd7 27.a3 Rc8 28.Re3 Kf8 29.Kf2 f5
30.Ke2 Re8 31.Rc4 Rxe3+ 32.Kxe3 Ke7 33.g3 Kd8 34.Kf4 Rf6 35.Ke5 Rf8 36.Rb4 Rf6
37.Ne2 Ke7 38.Rc4 b5 39.Rc7 Rb6 40.Nd4 Kd8 41.d6 b4 42.Ne6+ Ke8 43.Nxg7+ Kd8
44.Ne6+ Ke8 45.a4 Ra6 46.Nc5 Ra5 47.Kf6  1-0

[Event "FSFMA November"]
[Site "Budapest HUN"]
[Date "2010.11.09"]
[Round "4"]
[White "Koczo,K"]
[Black "Schenkerik,C"]
[Result "1/2-1/2"]
[WhiteElo "2187"]
[BlackElo "2127"]

1.d4 d5 2.Nf3 c6 3.c4 e6 4.e3 Nf6 5.Nc3 Nbd7 6.Qc2 Bd6 7.b3 O-O 8.Bd3 e5
9.cxd5 cxd5 10.dxe5 Nxe5 11.Nxe5 Bxe5 12.Bb2 d4 13.exd4 Qxd4 14.O-O-O Qf4+
15.Kb1 Bg4 16.f3 Bh5 17.Nd5 Nxd5 18.Bxh7+ Kh8 19.Rxd5 f6 20.Re1 Rae8 21.Bxe5 Rxe5
22.Rdxe5 fxe5 23.Be4 Qxh2 24.g4 Qxc2+ 25.Kxc2 Be8 26.Bxb7 Bg6+ 27.Kb2 e4
28.Rh1+ Kg8 29.Bd5+ Bf7 30.fxe4 Bxd5 31.exd5 Rf2+ 32.Ka3 Rd2 33.Rh5 Rd4 34.Rg5 Kf7
35.b4 Kf6 36.Rf5+ Kg6 37.Re5 Rxg4 38.Re7 Rd4 39.Rxa7 Rxd5 40.Ra6+ Kf7 41.Kb3 g5
42.Kc4 Rd8 43.b5 g4 44.Ra3 Ke6 45.b6 Rg8 46.Kc5 g3 47.Re3+ Kd7 48.Rd3+ Kc8
49.Rd1 Rg5+ 50.Kc6 Rg6+ 51.Kb5 g2 52.Rg1 Kb7 53.Kc5 Rg5+ 54.Kd4  1/2-1/2

[Event "FSFMA November"]
[Site "Budapest HUN"]
[Date "2010.11.09"]
[Round "4"]
[White "Henrichsen,J"]
[Black "Tessedik,K"]
[Result "0-1"]
[WhiteElo "1949"]
[BlackElo "1993"]

1.d4 d5 2.c4 e6 3.Nf3 c6 4.e3 Nf6 5.Nc3 Nbd7 6.Bd3 dxc4 7.Bxc4 b5 8.Bd3 Bb7
9.e4 b4 10.Na4 c5 11.Qe2 cxd4 12.Nxd4 Be7 13.O-O O-O 14.Rd1 Qa5 15.Nb3 Qc7
16.Bg5 Rac8 17.Rac1 Qb8 18.Nd4 Qe5 19.Nf3 Qa5 20.b3 h6 21.Bh4 Qh5 22.Bg3 Nc5
23.Nxc5 Bxc5 24.Rc2 Rfd8 25.Rcd2 Bb6 26.h3 Rc5 27.Re1 Rdc8 28.Bd6 Rc1 29.Bxb4 Rxe1+
30.Qxe1 g5 31.Rc2 Rd8 32.Qe2 g4 33.Ne1 g3 34.Nf3 gxf2+ 35.Kf1 Bxe4 36.Rd2 Bxd3
37.Rxd3 Nd5 38.Bc3 Nxc3 39.Rxc3 Qd5 40.Rc1 f6 41.Nh2 f5  0-1

[Event "ch-ISR"]
[Site "Haifa ISR"]
[Date "2010.11.09"]
[Round "2.11"]
[White "Pasman,M"]
[Black "Zanan,E"]
[Result "1/2-1/2"]
[WhiteElo "2366"]
[BlackElo "2207"]

1.d4 d5 2.c4 c6 3.Nc3 Nf6 4.e3 e6 5.Nf3 Nbd7 6.Bd3 Be7 7.O-O O-O 8.e4 dxc4
9.Bxc4 b5 10.Bd3 a6 11.e5 Nd5 12.Nxd5 cxd5 13.Bd2 Bb7 14.Qb3 Nb8 15.a4 b4
16.a5 Nc6 17.Qa4 Rc8 18.Rfc1 Qe8 19.Re1 h6 20.h4 f6 21.exf6 Rxf6 22.Rac1 Bd6
23.Ne5 Nxd4 24.Qxe8+ Rxe8 25.Nd7 Rf7 26.Bg6 Nb3 27.Bxf7+ Kxf7 28.Rc2 Nd4
29.Rcc1 Nb3 30.Rc2 Nd4 31.Rcc1 Nb3 32.Rc2 Nd4  1/2-1/2

[Event "16th Bora Kostic Memorial"]
[Site "Vrsac SRB"]
[Date "2010.11.09"]
[Round "7"]
[White "Ivanisevic,I"]
[Black "Sedlak,N"]
[Result "1/2-1/2"]
[WhiteElo "2628"]
[BlackElo "2546"]

1.d4 d5 2.c4 c6 3.Nf3 Nf6 4.Nc3 e6 5.e3 Nbd7 6.Qc2 Bd6 7.Bd3 O-O 8.O-O dxc4
9.Bxc4 b5 10.Bd3 Bb7 11.a3 a5 12.e4 e5 13.dxe5 Nxe5 14.Nxe5 Bxe5 15.h3 Qe7
16.Be3 Rfe8 17.Ne2 c5 18.Bxc5 Qc7 19.f3 Bxb2 20.Ra2 Be5 21.Bxb5 Bh2+ 22.Kh1 Re5
23.Rc1 Rc8 24.Bd4 Rxb5 25.Qd3 Bc6 26.Rac2 Qd6 27.Rxc6 Rxc6 28.Qxb5 Rxc1+
29.Nxc1 Qxd4 30.Kxh2 h5 31.Ne2 Qe3 32.a4 h4 33.e5 Nh7 34.f4 g6 35.e6 Qxe6
36.Nd4 Qe4 37.Qe5 Qxe5 38.fxe5 Ng5 39.Nb3 Ne4 40.Kg1 Kf8 41.Nxa5 Nc5 42.Kf2 Nxa4
43.Kf3 Nc5 44.Nc6 Nd3 45.Kg4 Ne1 46.Nb4 Ke7 47.g3 Ke6 48.Kxh4 Kxe5  1/2-1/2

[Event "FSGM November"]
[Site "Budapest HUN"]
[Date "2010.11.10"]
[Round "5"]
[White "Saravanan,V1"]
[Black "Feher,Ad"]
[Result "1-0"]
[WhiteElo "2408"]
[BlackElo "2348"]

1.d4 d5 2.Nf3 Nf6 3.c4 e6 4.Nc3 c6 5.e3 Nbd7 6.Qc2 Bd6 7.Bd3 O-O 8.O-O dxc4
9.Bxc4 b5 10.Be2 Bb7 11.a3 a6 12.b4 a5 13.Rb1 axb4 14.axb4 Qe7 15.Qb3 Rfd8
16.Bd2 e5 17.dxe5 Nxe5 18.Nd4 Bc7 19.Rfd1 Nfg4 20.h3 Nf6 21.Be1 Ng6 22.Qc2 Qe5
23.Nf3 Qe7 24.Nd4 Qe5 25.Nf3 Qe7 26.Bf1 Bb6 27.Nd4 Rac8 28.g3 Ne5 29.Bg2 g6
30.Ne4 Nc4 31.Nxf6+ Qxf6 32.Qc1 Bxd4 33.exd4 Re8 34.Bc3 Re2 35.Rf1 Qf5 36.Ba1 Rc2
37.Qh6 g5 38.Rbe1 Qg6 39.Qxg6+ hxg6 40.Re7 Rb8 41.Rfe1 Nd6 42.d5 Rd8 43.Be5 Ba8
44.Bxd6 Rxd6 45.Re8+ Kg7 46.Rxa8 cxd5 47.Rb8 d4 48.Rxb5 d3 49.Rd5 d2 50.Rd1 Rc1
51.Rxd6  1-0

[Event "Tal Memorial"]
[Site "Moscow RUS"]
[Date "2010.11.10"]
[Round "5"]
[White "Eljanov,P"]
[Black "Gelfand,B"]
[Result "1-0"]
[WhiteElo "2742"]
[BlackElo "2741"]

1.d4 d5 2.c4 c6 3.Nc3 Nf6 4.e3 e6 5.Nf3 Nbd7 6.Bd3 dxc4 7.Bxc4 b5 8.Bd3 a6
9.e4 c5 10.d5 Bb7 11.O-O Qc7 12.dxe6 fxe6 13.Bc2 c4 14.Ne2 e5 15.Ng3 Bc5
16.b3 c3 17.a3 b4 18.Ng5 Qc6 19.axb4 Bxb4 20.Ba3 Bxa3 21.Rxa3 h6 22.Nf3 O-O
23.b4 Qc7 24.Qb1 Rac8 25.Ne2 Kh8 26.Rxc3 Qb6 27.Rxc8 Rxc8 28.Bd3 Nh5 29.Nd2 Qf6
30.Qb2 Nf4 31.Nxf4 exf4 32.Qxf6 gxf6 33.Nf3 Ne5 34.Nxe5 fxe5 35.f3 Rc3 36.Be2 Rb3
37.b5 Rb2 38.bxa6 Rxe2 39.axb7 Rb2 40.Rd1 Rxb7 41.g3 fxg3 42.hxg3 Kg7 43.Rd5 Re7
44.Kf2 Kf6 45.Rd6+ Kg7 46.Ke3 Ra7 47.f4 Ra3+ 48.Rd3 Ra5 49.Kf3 Kf6 50.Rd6+ Kg7
51.Re6 Ra3+ 52.Kg4 h5+ 53.Kxh5  1-0

[Event "16th Asian Games Rapid"]
[Site "Guangzhou CHN"]
[Date "2010.11.13"]
[Round "2"]
[White "Tologontegin,S"]
[Black "Lee,Ki"]
[Result "1-0"]
[WhiteElo "2330"]
[BlackElo "1945"]

1.d4 d5 2.c4 c6 3.Nc3 Nf6 4.e3 e6 5.Nf3 Nbd7 6.Qc2 Be7 7.b3 b6 8.Bb2 Bb7
9.Bd3 O-O 10.O-O Qc7 11.Rac1 h6 12.Qe2 a6 13.Bb1 Rfe8 14.Ne5 dxc4 15.bxc4 c5
16.Rfd1 Nxe5 17.dxe5 Qxe5 18.Nd5 Qb8 19.Nxf6+ Bxf6 20.Bxf6 gxf6 21.Qh5 Kf8
22.Rd7 Re7 23.Qxh6+ Ke8 24.Rdd1 Rd7 25.Rxd7 Kxd7 26.Qxf6 Qe8 27.Rd1+ Kc7
28.Qe5+ Kc8 29.Qd6 Bc6 30.Qe5 Bb7 31.Qd6 Bc6 32.Qe5 Kb7 33.Be4 Rc8 34.Bb1 Ra8
35.Qd6 Kc8 36.Qe5 Kb7 37.Be4 Rc8 38.h4 Qe7 39.h5 f6 40.Bxc6+ Rxc6 41.Qe4 f5
42.Qe5 b5 43.e4 Qf7  1-0